000 00245nam a2200109Ia 4500
008 190216s9999||||xx |||||||||||||| ||und||
100 _aRadhakrishnan C
245 0 _aNizhal Padukal
260 _bNbs Kottayam
650 _aMalayalam
942 _cBK
999 _c25990
_d25990